00536nam a22001697a 4500003000400000005001700004008004100021020001500062040000900077050001700086100002100103245010600124260004300230300001500273650003800288650004000326OSt20170901125228.0170829b xxu||||| |||| 00| 0 eng d a0195723341 cKABU aPE1460b.H63 4Hocking, B. D.W. aAll what I was taught and commom mistakes ba handbook of common errors in EnglishcB. D. W. Hocking  aNairobibOxford university Pressc1974 axix, 263p. aEnglish languagexErrors of usage aEnglish languagexTerms and Phrases